Nghiên cứu thành phần hóa học và thăm dò hoạt tính sinh học của cây cọ Hạ Long (Livistona Halongensis T.H Nguyen & Kiew) Thuộc họ cau (Arecaceae) của Việt Nam

Tổng quan về một số loài chọn lọc trong họ cau. Nguyên liệu, hóa chất và phương pháp nghiên cứu. Thực nghiệm

Na minha lista:
Detalhes bibliográficos
Autor principal: Đỗ Thị Thu Thảo
Outros Autores: Trần Văn Sung GS.TSKH (Hướng dẫn)
Formato: Livro
Idioma:Vietnamese
Publicado em: Đà Nẵng Đại học Đà Nẵng 2011
Assuntos:
Tags: Adicionar Tag
Sem tags, seja o primeiro a adicionar uma tag!
Thư viện lưu trữ: Mạng thư viện Đại học Đà Nẵng
LEADER 01627nam a2200361 4500
001 000010462
003 6667
005 20111214081244.0
008 111214s2011 viesd
041 |a vie 
072 |a Luận văn Thạc sĩ khoa học 
082 |a 664.804  |b ĐÔ-T 
100 1 |a Đỗ Thị Thu Thảo 
245 1 |a Nghiên cứu thành phần hóa học và thăm dò hoạt tính sinh học của cây cọ Hạ Long (Livistona Halongensis T.H Nguyen & Kiew) Thuộc họ cau (Arecaceae) của Việt Nam  |c Đỗ Thị Thu Thảo 
260 |a Đà Nẵng  |b Đại học Đà Nẵng  |c 2011 
300 |a 81 tr  |c 29 cm  |e 1 tóm tắt, 1 đĩa CD 
500 |a Luận văn Thạc sĩ Khoa học. Chuyên ngành: Hóa hữu cơ. Mã số: 60.44.27 
520 |a Tổng quan về một số loài chọn lọc trong họ cau. Nguyên liệu, hóa chất và phương pháp nghiên cứu. Thực nghiệm 
653 |a Chi mây (Calamus) 
653 |a Luận văn Thạc sĩ Hóa hữu cơ 
653 |a Dụng cụ, thiết bị thí nghiệm 
653 |a Hóa học 
700 1 |a Trần Văn Sung  |c GS.TSKH  |e Hướng dẫn 
OWN |a LSP 
AVA |a UDN50  |b LSP  |d 664.804 ĐÔ-T  |e available  |t Error 5001 Not defined in file expand_doc_bib_avail.  |f 1  |g 0  |h N  |i 0  |k 1 
999 |a From the UDN01 
AVA |a UDN50  |b LSP  |d 664.804 ĐÔ-T  |e available  |t Error 5001 Not defined in file expand_doc_bib_avail.  |f 1  |g 0  |h N  |i 0  |k 1 
TYP |a Monograph 
TYP |a Printed language 
980 |a Mạng thư viện Đại học Đà Nẵng